Teaching from the tabernacle. (Record no. 2530)

000 -LEADER
fixed length control field 00639nam a2200193 a 4500
001 - CONTROL NUMBER
control field :::00000255$&:&@@
003 - CONTROL NUMBER IDENTIFIER
control field OkBaRHE
005 - DATE AND TIME OF LATEST TRANSACTION
control field 20000607103237.0
008 - FIXED-LENGTH DATA ELEMENTS--GENERAL INFORMATION
fixed length control field s1976 j 000 0 eng u
040 ## - CATALOGING SOURCE
Transcribing agency
100 1# - MAIN ENTRY--PERSONAL NAME
Personal name Wemp, C. Sumner.
245 10 - TITLE STATEMENT
Title Teaching from the tabernacle.
260 ## - PUBLICATION, DISTRIBUTION, ETC. (IMPRINT)
Place of publication, distribution, etc Chicago, IL., :
Name of publisher, distributor, etc Moody Press
Date of publication, distribution, etc c1976
300 ## - PHYSICAL DESCRIPTION
Extent 125 p. : illus. ;
Dimensions 22 cm.
650 ## - SUBJECT ADDED ENTRY--TOPICAL TERM
Topical term or geographic name as entry element Tabernacle
General subdivision Typology
942 ## - ADDED ENTRY ELEMENTS (KOHA)
Source of classification or shelving scheme
Koha item type Books
Copies
Current Location Withdrawn status Full call number Price effective from Barcode Date checked out Source of classification or shelving scheme Lost status Koha item type Date last seen Permanent Location Copy number Date acquired Shelving location Total Renewals Not for loan Damaged status Total Checkouts
RHEMA Bible Training College BM 654 .W432010-04-142552014-12-12  Books2018-01-09RHEMA Bible Training College12010-04-14General Stacks2  1
RHEMA Bible Training College BM 654 .W432010-04-14157082017-10-30  Books2018-01-09RHEMA Bible Training College22010-04-14General Stacks3  3